000 00854nam a22002297a 4500
008 091115t xxu||||| |||| 00| 0 eng d
010 _aB-358659
020 _c706-00
035 _aB-358659
037 _aUBH
_bRP/CL/E;19/87/10-09-09/16-09-09/18-09-09/30-09-09
040 _adpl
_beng
082 _a530
100 _aGomber,K.L
245 _aPradeep's Fundamentals Physics
_cby K.L.Gomber & K.L.Gogia
250 _a13thed
260 _aNew Delhi
_bPradeep Publication
_c2009
270 _a7/28 Mahavir street Ansari road Daryaganj
_bDelhi
_e110002
_k23273595
300 _aVarious pgs.
_b24cm
942 _2ddc
_cEN
_h530
_mGOM
999 _c31816
_d31816